Harry's cosmeticology (Record no. 31345)

MARC details
000 -LEADER
fixed length control field 00319nam a2200133Ia 4500
082 ## - DEWEY DECIMAL CLASSIFICATION NUMBER
Classification number 668.58
Item number HAR
100 ## - MAIN ENTRY--AUTHOR NAME
Personal name Harry, Ralph G
245 #0 - TITLE STATEMENT
Title Harry's cosmeticology
250 ## - EDITION STATEMENT
Edition statement Ed.6
260 ## - PUBLICATION, DISTRIBUTION, ETC. (IMPRINT)
Place of publication Britain
Name of publisher Leonard Hill
Year of publication 1973
650 ## - SUBJECT ADDED ENTRY--TOPICAL TERM
Topical Term Cosmeticology
942 ## - ADDED ENTRY ELEMENTS (KOHA)
Koha item type Books
Holdings
Withdrawn status Lost status Damaged status Not for loan Home library Current library Date acquired Cost, normal purchase price Full call number Accession Number Koha item type
        RRII Library RRII Library 16/12/2021 20.00 668.58 HAR 11891 Books